00698nam a2200241 a 4500001001300000003000900013005001700022008004100039020001000080082001800090100002100108245004600129260004500175300000900220500003500229505001000264650002300274700002100297902000800318942000700326952010800333999001500441nice12345678IN_TiNIC20260116011851.0050524s1859 newa grp 000 0 urd  ac10000a297.1227bZAI aZainul Abideen,  aFaiz-Al-Kareemb Tafseer-E-Quran-Al-Azeem aNew DelhibVikas Publication Housec1859 a864p aincludes index and biblioraphy2 aIndex aQuran-Hermeneutics1 aZainul Abideen,  bRHR cBK 001040708REFaHMIbHMIcREFd2007-08-03g100.00l0o297.1227 ZAIp06797r2007-08-03w2026-01-16yBK c4568d4568